00309nam a2200121Ia 4500008004100000041000800041082001600049100001600065245004500081260003500126300001900161365000700180240624s9999 xx 000 0 und d aeng a155.282 CON aCONWAY ANNE aINSTANT PEOPLE READING THROUGH HANDWRITI c2003aNew DelhibPenguin Books a224 : cm. ; 24 cRS